000 00595pam a2200169 a 4500
020 _a0309044545 (set : pbk.)
082 0 0 _a625.7
_bNAT
_cL-39, P-150
245 1 0 _aFourth International Conference on Low-Volume Roads.
260 _aWashington, D.C. :
_bTransportation Research Board, National Research Council,
_c1987.
300 _a2 v. ;
_c28 cm.
526 _a0
_b0
_c0
_d625_700000000000000_NAT
526 _a0
_b0
_c0
_d625_700000000000000_NAT
650 0 _aLow-volume roads
_xCongresses.
_943450
650 0 _aMCE
_9379
710 2 _aNational Research Council (U.S.).
_920017
942 _2ddc
_cBK
999 _c547257
_d547257